| 000 | 00559cam a22002054a 4500 | ||
|---|---|---|---|
| 020 | _a0821365851 | ||
| 020 | _a9780821365854 | ||
| 040 | _cDLC | ||
| 082 | 0 | 0 | _a362 WOR 2006 A073 Or. |
| 100 | 1 | _aGottret, Pablo E. | |
| 245 | 1 | 0 |
_aHealth financing revisited : _ba practitioner's guide / |
| 260 |
_aWashington, DC : _bWorld Bank, _cc2006. |
||
| 300 |
_axvii, 318 p. : _bill. ; _c23 cm. |
||
| 650 | 0 | _aMedical care | |
| 650 | 0 | _aMedical care, Cost of. | |
| 650 | 0 | _aMedical policy. | |
| 650 | 0 | _aWorld health. | |
| 700 | 1 | _aSchieber, George. | |
| 942 | _cEK | ||
| 999 |
_c15027 _d15027 |
||